<?xml version="1.0" encoding="UTF-8"?>
<record
    xmlns:xsi="http://www.w3.org/2001/XMLSchema-instance"
    xsi:schemaLocation="http://www.loc.gov/MARC21/slim http://www.loc.gov/standards/marcxml/schema/MARC21slim.xsd"
    xmlns="http://www.loc.gov/MARC21/slim">

  <leader>01516nam a22003497a 4500</leader>
  <datafield tag="999" ind1=" " ind2=" ">
    <subfield code="c">23474</subfield>
    <subfield code="d">23474</subfield>
  </datafield>
  <controlfield tag="003">AR-CdUCM</controlfield>
  <controlfield tag="008">260121b2024    pe ||||| |||| 00| 0 spa d</controlfield>
  <datafield tag="020" ind1=" " ind2=" ">
    <subfield code="a">978-612-49796-0-6</subfield>
  </datafield>
  <datafield tag="040" ind1=" " ind2=" ">
    <subfield code="a">MUNICIPALIDAD PROVINCIAL DEL CUSCO</subfield>
    <subfield code="c">BIBLIOTECA MUNICIPAL DEL CUSCO</subfield>
  </datafield>
  <datafield tag="082" ind1=" " ind2=" ">
    <subfield code="a">001.42 /</subfield>
    <subfield code="b">F36</subfield>
  </datafield>
  <datafield tag="100" ind1=" " ind2=" ">
    <subfield code="a">Quillama de Casta&#xF1;eda, Rudy Edith Felix.</subfield>
  </datafield>
  <datafield tag="245" ind1=" " ind2=" ">
    <subfield code="a">Acercamiento Epist&#xE9;mico a la teor&#xED;a Fundamentada /</subfield>
  </datafield>
  <datafield tag="260" ind1=" " ind2=" ">
    <subfield code="a">Cusco :</subfield>
    <subfield code="b">Estefany Lorena Vera Mu&#xF1;oz</subfield>
    <subfield code="c">2024.</subfield>
  </datafield>
  <datafield tag="300" ind1=" " ind2=" ">
    <subfield code="a">103 p&#xE1;ginas. :</subfield>
    <subfield code="c">17 x 24 cm.</subfield>
  </datafield>
  <datafield tag="505" ind1=" " ind2=" ">
    <subfield code="a">Contenido: Primer cap&#xED;tulo: Introducci&#xF3;n a la teor&#xED;a fundamentada -- Segundo cap&#xED;tulo: Fundamentos epistemol&#xF3;gicos -- Tercer cap&#xED;tulo: Metodolog&#xED;a -- Cuarto cap&#xED;tulo: An&#xE1;lisis de datos -- Quinto cap&#xED;tulo: Praxis -- Sexto cap&#xED;tulo: Retos y cr&#xED;ticas -- S&#xE9;ptimo cap&#xED;tulo: Contexto latinoamericano -- Octavo cap&#xED;tulo: Futuro -- Referencias.</subfield>
  </datafield>
  <datafield tag="650" ind1=" " ind2=" ">
    <subfield code="a">Definici&#xF3;n</subfield>
    <subfield code="9">41732</subfield>
  </datafield>
  <datafield tag="650" ind1=" " ind2=" ">
    <subfield code="a">Teor&#xED;a fundamentada</subfield>
    <subfield code="9">52083</subfield>
  </datafield>
  <datafield tag="650" ind1=" " ind2=" ">
    <subfield code="a">Or&#xED;genes y evoluci&#xF3;n</subfield>
    <subfield code="9">52084</subfield>
  </datafield>
  <datafield tag="650" ind1=" " ind2=" ">
    <subfield code="a">Expansi&#xF3;n y debate</subfield>
    <subfield code="9">52085</subfield>
  </datafield>
  <datafield tag="650" ind1=" " ind2=" ">
    <subfield code="a">Diversificaci&#xF3;n</subfield>
    <subfield code="9">52086</subfield>
  </datafield>
  <datafield tag="650" ind1=" " ind2=" ">
    <subfield code="a">Consolidaci&#xF3;n</subfield>
    <subfield code="9">4030</subfield>
  </datafield>
  <datafield tag="650" ind1=" " ind2=" ">
    <subfield code="a">Enfoques</subfield>
    <subfield code="9">52087</subfield>
  </datafield>
  <datafield tag="650" ind1=" " ind2=" ">
    <subfield code="a">Fundamentos  filos&#xF3;ficos</subfield>
    <subfield code="9">52088</subfield>
  </datafield>
  <datafield tag="650" ind1=" " ind2=" ">
    <subfield code="a">La epistemolog&#xED;a</subfield>
    <subfield code="9">52089</subfield>
  </datafield>
  <datafield tag="650" ind1=" " ind2=" ">
    <subfield code="a">Aspectos metodol&#xF3;gicos</subfield>
    <subfield code="9">52090</subfield>
  </datafield>
  <datafield tag="650" ind1=" " ind2=" ">
    <subfield code="a">Proceso de codificac&#xED;&#xF3;n</subfield>
    <subfield code="9">52091</subfield>
  </datafield>
  <datafield tag="650" ind1=" " ind2=" ">
    <subfield code="a">Impacto de la praxis</subfield>
    <subfield code="9">52092</subfield>
  </datafield>
  <datafield tag="650" ind1=" " ind2=" ">
    <subfield code="a">Principales cr&#xED;ticas</subfield>
    <subfield code="9">52093</subfield>
  </datafield>
  <datafield tag="942" ind1=" " ind2=" ">
    <subfield code="2">ddc</subfield>
    <subfield code="c">LIBROS</subfield>
  </datafield>
  <datafield tag="945" ind1=" " ind2=" ">
    <subfield code="a">jmcs</subfield>
    <subfield code="d">21/01/2026</subfield>
  </datafield>
  <datafield tag="952" ind1=" " ind2=" ">
    <subfield code="0">0</subfield>
    <subfield code="2">ddc</subfield>
    <subfield code="4">0</subfield>
    <subfield code="7">0</subfield>
    <subfield code="a">SH</subfield>
    <subfield code="b">SH</subfield>
    <subfield code="c">CART</subfield>
    <subfield code="d">2026-01-21</subfield>
    <subfield code="e">Donaci&#xF3;n</subfield>
    <subfield code="g">15.00</subfield>
    <subfield code="o">001.42 / F36</subfield>
    <subfield code="p">SH0000017043</subfield>
    <subfield code="r">2026-01-21</subfield>
    <subfield code="y">LIBROS</subfield>
  </datafield>
</record>
